[Event "ICS rated blitz match"]
[Site "207.99.83.229"]
[Date "1999.06.27"]
[Round "?"]
[White "wolfschanze"]
[Black "Hossa"]
[Result "1-0"]
[WhiteElo "2681"]
[BlackElo "2345"]
[Annotator "Fritz 5.32 (22s)"]
[PlyCount "118"]

1. e4 c6 2. d4 d5 3. Nc3 dxe4 4. Nxe4 Bf5 5. Ng3 Bg6 6. h4 h6 7. Nf3 Nd7 8. h5
Bh7 9. Bd3 Bxd3 10. Qxd3 e6 11. Bf4 Qa5+ 12. Bd2 Qb6 13. O-O-O O-O-O 14. Bf4
$146 (14. Be3 Ngf6 15. Kb1 Bd6 16. Ne5 Nxe5 17. dxe5 Bc5 18. Qc3 Rxd1+ 19. Rxd1
Bxe3 20. exf6 Bxf2 21. fxg7 Rd8 22. Qd2 Bd4 23. Qxd4 Rxd4 24. g8=Q+ Rd8 25.
Rxd8+ Qxd8 26. Qg4 f5 27. Qe2 Qd6 28. Nf1 e5 29. Ng3 f4 30. Nf5 Qe6 31. Qe4 Qf6
32. g3 fxg3 33. Nxg3 Qg7 34. Qg6 Qxg6 35. hxg6 {
1-0 Hector 2-Impakt/Leiden, NL 1995 (35)}) 14... Ngf6 15. c4 Ng4 16. Qe2 Qb4
17. Kb1 Qa4 18. Ne4 Ndf6 19. Nxf6 Nxf6 20. Ne5 Bd6 21. g3 Rhf8 22. Nxf7 Rxf7
23. Qxe6+ Rfd7 24. Bxd6 Re8 25. Qf5 Qxc4 26. Be5 Qd5 27. Rde1 Re6 28. f3 Rde7
29. Re3 Qb5 30. Ra3 a6 31. Re1 Nd7 32. Rb3 Qc4 33. Rc1 Qe2 34. f4 Qd2 35. g4 a5
36. Qc2 Qxc2+ 37. Rxc2 Nf6 38. f5 Rxe5 39. dxe5 Rxe5 40. Rg2 Re4 41. g5 a4 42.
Ra3 hxg5 43. Rxg5 Ne8 44. Rd3 Re1+ 45. Kc2 45... Re5 $2 (45... Rh1 $18) 46. Kd2
(46. f6 Re2+ (46... Rxg5 $4 {zu materialistisch gespielt} 47. f7 Rc5+ 48. Kd2
$18) 47. Kd1 gxf6 48. Kxe2 48... fxg5 $18) 46... Rb5 (46... Re7 47. Rg6 Nf6 48.
h6 Ne4+ 49. Kc2 gxh6 50. Re6 Rxe6 51. fxe6 $18) 47. Kc3 (47. h6 gxh6 48. Rg8
Kc7 49. Rxe8 49... Rxf5 $18) 47... Kc7 (47... Rc5+ 48. Kb4 Rc2 49. b3 $18) 48.
Re3 Kd7 49. f6 49... gxf6 $4 {macht die Sache nur schlimmer} (49... Nxf6 50.
Rxg7+ 50... Kd6 $18) 50. Rxb5 cxb5 51. h6 Nd6 52. Rd3 Ke7 53. Rxd6 Kxd6 (53...
Kf7 {aendert den traurigen Lauf der Dinge nicht} 54. Rd7+ Kg8 55. Kb4 $18) 54.
h7 b4+ (54... Kc5 {waere gleichermassen fruchtlos} 55. h8=Q $18) 55. Kxb4 a3
56. Kxa3 Kd5 57. h8=Q f5 58. Qd8+ Kc4 59. Qc8+ Kd5 1-0

[Event "ICS rated standard match"]
[Site "207.99.83.229"]
[Date "1999.06.27"]
[Round "?"]
[White "krodknight"]
[Black "Hossa"]
[Result "1-0"]
[WhiteElo "1925"]
[BlackElo "2235"]
[PlyCount "104"]

1. e4 c6 2. d4 d5 3. Nc3 dxe4 4. Bc4 Nf6 5. f3 e5 6. dxe5 Qxd1+ 7. Kxd1 exf3 8.
Nxf3 Ng4 9. Rf1 Nd7 10. Bf4 Bb4 11. h3 Bxc3 12. bxc3 Nh6 13. Ng5 Nb6 14. Bd3
Nd5 15. Bd2 O-O 16. c4 Nb6 17. Bxh7+ Kh8 18. Bd3 Be6 19. Rf4 Rfe8 20. Rb1 Rab8
21. Be3 Kg8 22. g4 Bc8 23. Nf3 Nd7 24. g5 Nxe5 25. Nxe5 Rxe5 26. Rd4 Bxh3 27.
Bf4 Ng4 28. Rxb7 Rc8 29. Bxe5 Nxe5 30. Rxa7 Nf3 31. Rd6 Nxg5 32. a4 Bg4+ 33.
Kd2 Ne6 34. Rdd7 Rf8 35. a5 g6 36. a6 c5 37. Be4 Ng5 38. Bd5 Bxd7 39. Rxd7 Kg7
40. a7 Kh6 41. Rb7 Ra8 42. Rxf7 Rd8 43. Rb7 Ra8 44. Rc7 Rd8 45. Kc3 Nh7 46. Bb7
Ng5 47. Rc8 Ne4+ 48. Kb2 Rxc8 49. Bxc8 Nd6 50. a8=Q Nxc4+ 51. Kc3 Nd6 52. Qc6
52... Nf7 {Hossa resigns} 1-0

[Event "ICS rated standard match"]
[Site "207.99.83.229"]
[Date "1999.06.27"]
[Round "?"]
[White "OHFish"]
[Black "Hossa"]
[Result "0-1"]
[WhiteElo "1934"]
[BlackElo "2208"]
[PlyCount "100"]

1. e4 d5 2. exd5 Nf6 3. d4 Bg4 4. Be2 Bxe2 5. Nxe2 Qxd5 6. O-O Nc6 7. b3 O-O-O
8. c4 Qh5 9. Bb2 e5 10. d5 Bc5 11. Ng3 Qh4 12. Nd2 Nd4 13. Nf3 Nxf3+ 14. Qxf3
g6 15. Bxe5 Ng4 16. Nf5 Qh5 17. h3 Nxe5 18. Qxh5 gxh5 19. a3 Rhg8 20. b4 Bf8
21. Ne3 Kb8 22. c5 Nd3 23. Rfd1 Nf4 24. Kh2 h4 25. a4 Rg5 26. Ra2 Nxd5 27. f4
Rh5 28. f5 c6 29. g4 hxg3+ 30. Kxg3 Bh6 31. Nxd5 cxd5 32. Rf2 Rg8+ 33. Kh2 Rg4
34. Rxd5 Bf4+ 35. Rxf4 Rxf4 36. b5 Rf2+ 37. Kg3 Rfxf5 38. Rd7 Rhg5+ 39. Kh4 h6
40. Rd4 Rxc5 41. b6 axb6 42. a5 Rh5+ 43. Kg4 Rcg5+ 44. Kf3 Rxh3+ 45. Kf2 bxa5
46. Kf1 Rh2 47. Rf4 Rb5 48. Kg1 Ra2 49. Rf1 Rg5+ 50. Kh1 50... Ra4 {
OHFish resigns} 0-1

[Event "ICS rated standard match"]
[Site "207.99.83.229"]
[Date "1999.06.27"]
[Round "?"]
[White "RETI"]
[Black "Hossa"]
[Result "1-0"]
[WhiteElo "2647"]
[BlackElo "2213"]
[PlyCount "126"]

1. e4 d5 2. exd5 Nf6 3. d4 Bg4 4. f3 Bh5 5. Bb5+ c6 6. dxc6 bxc6 7. Bc4 e6 8.
Ne2 Bd6 9. O-O O-O 10. Bf4 Be7 11. Nbc3 Qb6 12. Qd2 Nbd7 13. Na4 Qb7 14. Qa5
Rae8 15. Ba6 Qa8 16. Qc7 Rb8 17. c4 Bd8 18. Qd6 Re8 19. Bg5 Bg6 20. Rfe1 Ba5
21. Nec3 Bc2 22. b3 Bb4 23. c5 Red8 24. Qg3 Rf8 25. Qf2 Bf5 26. Bf4 Bxc3 27.
Nxc3 Rb4 28. g4 Bg6 29. g5 Nh5 30. Bc7 Kh8 31. Rac1 Nb8 32. Bc4 Nd7 33. a3 Rb7
34. Bd6 Rg8 35. f4 Qd8 36. Qf3 Nb8 37. b4 Rd7 38. Rf1 h6 39. Qh3 Rxd6 40. cxd6
Qxd6 41. Qe3 Qd8 42. Be2 hxg5 43. fxg5 Rf8 44. Rf3 f5 45. gxf6 Nxf6 46. Rh3+
Nh7 47. Rg3 Bf5 48. Bc4 Nd7 49. Bxe6 Bxe6 50. Qxe6 Ndf6 51. Ne2 Re8 52. Qc4 Re4
53. Rg2 Qe8 54. Ng3 Re6 55. Qc5 Qd7 56. Rf1 Nd5 57. Nh5 Re7 58. Rg6 Ndf6 59.
Nxf6 Nxf6 60. Rg3 Re4 61. Rxf6 Qxd4+ 62. Qxd4 Rxd4 63. Rf8+ 63... Kh7 {
Hossa resigns} 1-0

[Event "ICS rated blitz match"]
[Site "207.99.83.229"]
[Date "1999.06.27"]
[Round "?"]
[White "Hossa"]
[Black "BabyGirl"]
[Result "0-1"]
[WhiteElo "2341"]
[BlackElo "2297"]
[PlyCount "77"]

1. e4 e5 2. Nf3 Nc6 3. Bc4 Be7 4. d4 d6 5. d5 Na5 6. Bb5+ c6 7. dxc6 bxc6 8.
Ba4 Qb6 9. O-O Nf6 10. Nc3 Ba6 11. Re1 O-O 12. Ng5 h6 13. Nh3 Rfd8 14. Rb1 d5
15. exd5 Nxd5 16. Qg4 Qb4 17. Re4 f5 18. Qg6 fxe4 19. Bxh6 Bf6 20. Nxe4 Qb7 21.
Nhg5 Bxg5 22. Nxg5 Nf6 23. Ne6 Rd6 24. Nxg7 Qf7 25. Qxf7+ Kxf7 26. Nf5 Rd5 27.
b4 Rb8 28. Ne3 Rdd8 29. Bg5 Kg6 30. Bxf6 Kxf6 31. Ng4+ Ke6 32. Nxe5 Rxb4 33.
Re1 Re4 34. Nf3 Rxe1+ 35. Nxe1 Rd1 36. g3 Rxe1+ 37. Kg2 c5 38. Be8 Bb7+ 39. Kh3
{Hossa resigns} 0-1

[Event "ICS rated standard match"]
[Site "207.99.83.229"]
[Date "1999.06.27"]
[Round "?"]
[White "Hossa"]
[Black "robbok1"]
[Result "0-1"]
[WhiteElo "2211"]
[BlackElo "2481"]
[PlyCount "107"]

1. e4 c5 2. f4 d5 3. exd5 Nf6 4. Bb5+ Nbd7 5. Nc3 a6 6. Be2 b5 7. Nf3 b4 8. Na4
Bb7 9. a3 Nxd5 10. axb4 cxb4 11. O-O Nxf4 12. d3 Nxe2+ 13. Qxe2 h6 14. Bd2 e6
15. Qe1 a5 16. Nd4 e5 17. Qe2 Ra6 18. Nf5 Qc7 19. c4 g6 20. Nd4 Be7 21. Nb5 Qb8
22. d4 Re6 23. d5 Ra6 24. Be3 f5 25. Rae1 Kf7 26. b3 h5 27. Kh1 Rd8 28. Bd4 Bh4
29. Bf2 Bxf2 30. Rxf2 Rf6 31. Nb2 Ba6 32. Nd3 Re8 33. Ra1 Qb6 34. Rc1 Qb7 35.
Qa2 Bxb5 36. Qxa5 Ba6 37. Nxb4 Qb6 38. Ra2 Qxa5 39. Rxa5 Bc8 40. c5 e4 41. Ra7
Kf8 42. Nc6 f4 43. Rc7 f3 44. gxf3 exf3 45. Nb4 Ne5 46. d6 f2 47. Kg2 Ng4 48.
Nc2 Ba6 49. d7 Rd8 50. Kg3 f1=Q 51. Rxf1 Bxf1 52. Nd4 Nf2 53. h4 Ne4+ 54. Kh2 {
Hossa resigns} 0-1

[Event "ICS rated standard match"]
[Site "207.99.83.229"]
[Date "1999.06.27"]
[Round "?"]
[White "Hossa"]
[Black "Mijin"]
[Result "1-0"]
[WhiteElo "2205"]
[BlackElo "1821"]
[PlyCount "50"]

1. e4 c6 2. d4 d5 3. Nc3 dxe4 4. Bc4 Nf6 5. f3 Bf5 6. fxe4 Nxe4 7. Nge2 Nxc3 8.
bxc3 e6 9. O-O Bd6 10. Bf4 Qc7 11. Bxd6 Qxd6 12. Ng3 Bg6 13. Rb1 Qc7 14. Qf3
O-O 15. Bxe6 Nd7 16. Bb3 Nf6 17. Rbe1 Rfe8 18. h4 h5 19. c4 Ng4 20. Qc3 Kh7 21.
Rxe8 Rxe8 22. Re1 Rxe1+ 23. Qxe1 f5 24. Nf1 Qf4 25. Qd2 25... Qg3 {
Mijin resigns} 1-0

[Event "ICS rated blitz match"]
[Site "207.99.83.229"]
[Date "1999.06.27"]
[Round "?"]
[White "Pikulis"]
[Black "Hossa"]
[Result "0-1"]
[WhiteElo "2146"]
[BlackElo "2327"]
[PlyCount "50"]

1. d4 d6 2. c4 e5 3. d5 Nf6 4. Nc3 e4 5. Bg5 Be7 6. Bxf6 Bxf6 7. Nxe4 Bxb2 8.
Rb1 Be5 9. Nf3 f5 10. Nxe5 fxe4 11. Qa4+ Kf8 12. Nc6 bxc6 13. dxc6 e3 14. fxe3
Qh4+ 15. g3 Qe4 16. Rb7 Qxh1 17. Rxc7 Bh3 18. Qb4 Na6 19. Qxd6+ Kg8 20. Qd5+
Qxd5 21. cxd5 Bxf1 22. Rb7 Bg2 23. Rd7 Nb4 24. c7 Nxd5 25. Rd8+ 25... Kf7 {
Pikulis resigns} 0-1

[Event "ICS Rated standard match"]
[Site "207.99.83.229"]
[Date "1999.06.27"]
[Round "?"]
[White "robbok1"]
[Black "Hossa"]
[Result "1-0"]
[WhiteElo "2487"]
[BlackElo "2208"]
[PlyCount "62"]

1. e4 e5 2. Nf3 Nc6 3. d4 exd4 4. Bc4 Bc5 5. c3 Nf6 6. cxd4 Bb4+ 7. Nc3 Nxe4 8.
O-O Nxc3 9. bxc3 Bxc3 10. Ba3 d5 11. Bb5 Bxa1 12. Re1+ Be6 13. Qa4 Rb8 14. Ne5
Qf6 15. Qxa7 Rc8 16. Qxb7 Bxd4 17. Ng4 Bxf2+ 18. Kf1 Bxe1+ 19. Nxf6+ Kd8 20.
Bxc6 Bh4 21. Nxd5 Bxd5 22. Bxd5 Re8 23. g3 Bf6 24. Bg2 Re6 25. Bh3 Be5 26. Bxe6
fxe6 27. Qc6 Bd4 28. Bb4 Ba1 29. Qxe6 Bf6 30. Bf8 Rb8 31. Bxg7 31... Rb1+ {
Hossa resigns} 1-0

[Event "ICS rated standard match"]
[Site "207.99.83.229"]
[Date "1999.06.27"]
[Round "?"]
[White "Hossa"]
[Black "robbok1"]
[Result "0-1"]
[WhiteElo "2203"]
[BlackElo "2492"]
[PlyCount "77"]

1. e4 c5 2. Nf3 Nc6 3. d4 cxd4 4. Nxd4 e5 5. Nb5 d6 6. N1c3 a6 7. Na3 b5 8. Nd5
Nce7 9. c4 Nxd5 10. cxd5 f5 11. f3 fxe4 12. Be3 exf3 13. Qxf3 Nf6 14. Bd3 Bb7
15. O-O Bxd5 16. Qh3 Be7 17. Rad1 Bxa2 18. Bg5 Qb6+ 19. Kh1 Bf7 20. Nc2 d5 21.
Qg3 e4 22. Be2 O-O 23. Ne3 Be6 24. Bxf6 Bxf6 25. Nxd5 Bxd5 26. Rxd5 Rad8 27.
Qb3 Kh8 28. Rdf5 Rd2 29. Qb4 Qd8 30. Bg4 e3 31. R5f4 e2 32. Re1 Be7 33. Qe4
Rxf4 34. Qxf4 Rd1 35. Qc1 Rxc1 36. Rxc1 Qd2 37. Rc8+ Bd8 38. Rxd8+ Qxd8 39.
Bxe2 {Hossa resigns} 0-1

[Event "ICS Rated standard match"]
[Site "207.99.83.229"]
[Date "1999.06.27"]
[Round "?"]
[White "robbok1"]
[Black "Hossa"]
[Result "0-1"]
[WhiteElo "2497"]
[BlackElo "2198"]
[PlyCount "50"]

1. e4 e5 2. Nf3 Nc6 3. d4 exd4 4. Bc4 Bb4+ 5. c3 dxc3 6. bxc3 Ba5 7. O-O Nge7
8. Qb3 O-O 9. Bg5 Bb6 10. Nbd2 d6 11. a4 Na5 12. Qc2 Nxc4 13. Nxc4 f6 14. Be3
Bg4 15. a5 Bxe3 16. Nxe3 Bxf3 17. Qb3+ Kh8 18. gxf3 Rb8 19. Rfd1 Qe8 20. Qc4
Qc6 21. Qb3 f5 22. Ra4 fxe4 23. fxe4 Qc5 24. Ra2 Rf3 25. Qf7 25... Rxf7 {
robbok1 resigns} 0-1

[Event "ICS rated standard match"]
[Site "207.99.83.229"]
[Date "1999.06.27"]
[Round "?"]
[White "Hossa"]
[Black "Steffie"]
[Result "0-1"]
[WhiteElo "2225"]
[BlackElo "2575"]
[PlyCount "78"]

1. e4 c5 2. Nc3 d6 3. Nf3 Nf6 4. d4 cxd4 5. Nxd4 a6 6. Bc4 e6 7. O-O Be7 8. Be2
O-O 9. Qd3 b5 10. Qg3 b4 11. Bh6 Ne8 12. Nd1 e5 13. Nf5 Bxf5 14. exf5 Nc6 15.
c3 d5 16. Rc1 bxc3 17. Nxc3 Rb8 18. Bxa6 Bh4 19. Qg4 Rb4 20. f4 Nb8 21. f6 Bxf6
22. a3 Rxb2 23. Na4 e4 24. Bc8 Ra2 25. Rb1 Nd6 26. Rxb8 Qc7 27. Rb4 Qxc8 28.
Qg3 Nf5 29. Qb3 Re2 30. Bg5 Ne3 31. Kh1 Nxf1 32. Qd1 Ne3 33. Qg1 Rxg2 34. Qxe3
Qc2 35. Qh3 Rf2 36. Kg1 e3 37. Qxe3 Rg2+ 38. Kh1 Rxh2+ 39. Kg1 39... Qg2# {
Hossa checkmated} 0-1

[Event "ICS rated blitz match"]
[Site "207.99.83.229"]
[Date "1999.06.27"]
[Round "?"]
[White "altair"]
[Black "Hossa"]
[Result "0-1"]
[WhiteElo "2031"]
[BlackElo "2352"]
[PlyCount "88"]

1. d4 d6 2. c4 e5 3. Nc3 exd4 4. Qxd4 Nc6 5. Qd1 Nf6 6. Nf3 Be7 7. g3 Bg4 8.
Bg2 Qd7 9. h3 Bxf3 10. Bxf3 O-O 11. Bg2 Ne5 12. b3 Rae8 13. O-O c6 14. Bb2 Bd8
15. Qd2 Ba5 16. a3 Qf5 17. e4 Nxe4 18. Bxe4 Qxe4 19. Nxe4 Nf3+ 20. Kg2 Nxd2 21.
Nxd2 Bxd2 22. Rad1 Re2 23. Kf3 Rfe8 24. b4 Bxb4 25. Bxg7 Bxa3 26. Ba1 Bc5 27.
Rd3 R2e4 28. Rc1 a6 29. Bb2 b5 30. cxb5 axb5 31. Ba3 Bxa3 32. Rxa3 Rc4 33. Rd1
Rd8 34. Rad3 d5 35. Re1 c5 36. Re7 Kg7 37. Re5 d4 38. Ke4 Kg6 39. Rf3 d3+ 40.
Ke3 d2 41. Rff5 Rd3+ 42. Kxd3 d1=Q+ 43. Ke3 Rc3+ 44. Ke4 44... Qd4# {
altair checkmated} 0-1

[Event "ICS rated standard match"]
[Site "207.99.83.229"]
[Date "1999.06.28"]
[Round "?"]
[White "Hossa"]
[Black "DPB"]
[Result "0-1"]
[WhiteElo "2221"]
[BlackElo "2107"]
[PlyCount "105"]

1. e4 d5 2. exd5 Qxd5 3. Nc3 Qa5 4. d4 Nf6 5. Nf3 Bf5 6. Bc4 c6 7. Bd2 e6 8.
Nd5 Qd8 9. Ne3 Be4 10. O-O c5 11. Re1 cxd4 12. Ng4 Bg6 13. Bg5 Nc6 14. Bb5 Bb4
15. Bxc6+ bxc6 16. Rf1 Rc8 17. Bxf6 gxf6 18. Qxd4 Qxd4 19. Nxd4 Ke7 20. c3 Bd6
21. Rfe1 c5 22. Nb5 Bb8 23. Rad1 Rhd8 24. f3 Bc2 25. Rxd8 Rxd8 26. Na3 Bf5 27.
Ne3 Bd3 28. Nac4 Bc7 29. g4 h5 30. gxh5 Rg8+ 31. Kh1 Rg5 32. Nd2 Rxh5 33. Ndf1
c4 34. b3 Ra5 35. Ng3 Rxa2 36. Nxc4 Bxc4 37. bxc4 Rf2 38. Re3 Bb6 39. Rd3 f5
40. Nh5 a5 41. f4 Rc2 42. Rf3 Rc1+ 43. Kg2 a4 44. Rd3 a3 45. Rd2 Rxc3 46. h4
Rb3 47. Rd1 Rb2+ 48. Kh3 a2 49. Ra1 Bd4 50. Rxa2 Rxa2 51. Kg3 Rc2 52. Kf3 Kd6
53. Kg3 {Hossa resigns} 0-1

[Event "ICS rated blitz match"]
[Site "207.99.83.229"]
[Date "1999.06.28"]
[Round "?"]
[White "Hossa"]
[Black "blunite"]
[Result "1/2-1/2"]
[WhiteElo "2356"]
[BlackElo "2211"]
[PlyCount "99"]

1. e4 e5 2. f4 exf4 3. Nf3 d6 4. Bc4 h6 5. d4 g5 6. Nc3 Bg7 7. O-O Nc6 8. Bb5
Bd7 9. Qd3 Nge7 10. Nd5 O-O 11. c3 Ng6 12. Bd2 Nce7 13. Bxd7 Qxd7 14. Qc4 Nxd5
15. Qxd5 c6 16. Qb3 Rae8 17. Qc2 f5 18. Qb3+ Kh7 19. exf5 Rxf5 20. Rae1 Rff8
21. Qc2 Rxe1 22. Bxe1 Qf5 23. Qb3 Rf7 24. Qa3 g4 25. Nh4 Nxh4 26. Bxh4 d5 27.
Qxa7 f3 28. Qb8 Qc2 29. gxf3 gxf3 30. Bf2 Qxb2 31. Qe8 Rf6 32. Qd7 Rg6+ 33. Kh1
Qe2 34. Qh3 b5 35. Bg3 Qd3 36. Be1 Rf6 37. Bh4 Rf5 38. Rg1 Qe4 39. Bf2 Bf6 40.
Qg3 Rg5 41. Qc7+ Bg7 42. Rxg5 hxg5 43. Qg3 Kg6 44. h3 Qe2 45. Kg1 Qd1+ 46. Kh2
Qe2 47. Kg1 Qd1+ 48. Kh2 Qe2 49. Kg1 Qd1+ 50. Kh2 {Game drawn by repetition}
1/2-1/2

[Event "ICS rated blitz match"]
[Site "207.99.83.229"]
[Date "1999.06.28"]
[Round "?"]
[White "Hossa"]
[Black "KillerGrob"]
[Result "0-1"]
[WhiteElo "2350"]
[BlackElo "2712"]
[PlyCount "91"]

1. e4 c5 2. c3 Nf6 3. e5 Nd5 4. d4 cxd4 5. Nf3 Nc6 6. Bc4 Nb6 7. Bb3 d5 8. cxd4
Bg4 9. Be3 e6 10. O-O f6 11. exf6 Qxf6 12. Nbd2 Bb4 13. Qb1 Bxd2 14. Nxd2 Nxd4
15. Qd3 Nc6 16. Bxb6 axb6 17. Qg3 Bf5 18. Qd6 Qxb2 19. Rfd1 Qe5 20. Qxe5 Nxe5
21. Rac1 O-O 22. Rc7 Rf7 23. Rxf7 Kxf7 24. Rc1 Nc6 25. Nf3 Ra5 26. Re1 Kf6 27.
h3 Rc5 28. h4 e5 29. Rd1 d4 30. Re1 Nb4 31. Nd2 Nd3 32. Rd1 Ke7 33. Nc4 b5 34.
Na5 b6 35. Nb7 Rc1 36. Rxc1 Nxc1 37. f4 e4 38. Bc2 d3 39. Bd1 e3 40. Kf1 d2 41.
g4 Bd3+ 42. Kg2 e2 43. Bxe2 Bxe2 44. Kh2 d1=Q 45. f5 Qf1 46. g5 {Hossa resigns}
0-1

[Event "ICS rated blitz match"]
[Site "207.99.83.229"]
[Date "1999.06.28"]
[Round "?"]
[White "MightyMight"]
[Black "Hossa"]
[Result "0-1"]
[WhiteElo "2091"]
[BlackElo "2346"]
[PlyCount "100"]

1. e4 e5 2. Nf3 Nc6 3. Bb5 a6 4. Ba4 Nf6 5. O-O Bc5 6. Re1 O-O 7. c3 b5 8. Bc2
d6 9. d4 Bb6 10. h3 exd4 11. cxd4 d5 12. e5 Ne4 13. Bxe4 dxe4 14. Rxe4 b4 15.
d5 Be6 16. Bg5 Qxd5 17. Qxd5 Bxd5 18. Re1 Bxf3 19. gxf3 Bd4 20. Nd2 Bxb2 21.
Rab1 Bxe5 22. Be7 Nxe7 23. Rxe5 Ng6 24. Rc5 Nf4 25. Rxb4 Nd3 26. Rbc4 Nxc5 27.
Rxc5 Ra7 28. Ne4 f6 29. Rc6 Kf7 30. Nc5 a5 31. Ne6 Rc8 32. Nd4 Rb7 33. Nf5 Rb1+
34. Kg2 Rd1 35. Rc5 a4 36. Rc4 a3 37. Rc3 Rd5 38. Ne3 Ra5 39. Nc4 Rc5 40. Rc2
Ra8 41. Nxa3 Rg5+ 42. Kh2 Rxa3 43. Rxc7+ Kg6 44. Rc2 Rxf3 45. a4 Kh5 46. Rc4
Rxf2+ 47. Kh1 Rg3 48. Rc5+ Kh4 49. Rc4+ Kxh3 50. Rc1 50... Rh2# {
MightyMight checkmated} 0-1

[Event "ICS Rated blitz match"]
[Site "207.99.83.229"]
[Date "1999.06.28"]
[Round "?"]
[White "Hossa"]
[Black "Tenente"]
[Result "1-0"]
[WhiteElo "2345"]
[BlackElo "2001"]
[PlyCount "87"]

1. e4 e5 2. f4 exf4 3. Nf3 d5 4. e5 c5 5. Be2 Nc6 6. O-O Nge7 7. Nc3 Ng6 8. Bb5
a6 9. Bxc6+ bxc6 10. Ne2 Qc7 11. d3 Nxe5 12. Bxf4 Nxf3+ 13. Rxf3 Bd6 14. Bxd6
Qxd6 15. Qf1 O-O 16. Re1 Bg4 17. Rg3 Bxe2 18. Qxe2 Rab8 19. b3 Qd7 20. Re3 Qd6
21. Qf2 d4 22. Re7 Rbd8 23. Qf5 g6 24. Qg5 Rd7 25. R7e4 Qd5 26. Re5 Qd6 27. Qh6
a5 28. R1e2 a4 29. bxa4 Ra7 30. R5e4 Qf6 31. c4 Rxa4 32. Re8 Qg7 33. Qg5 h6 34.
Qxc5 Ra8 35. Qxc6 Rxa2 36. Rxa2 Rxe8 37. Qxe8+ Kh7 38. Ra7 h5 39. Rxf7 Qxf7 40.
Qxf7+ Kh6 41. c5 Kg5 42. h4+ Kg4 43. Qf6 Kg3 44. Qg5# {Tenente checkmated} 1-0

[Event "ICS Rated standard match"]
[Site "207.99.83.229"]
[Date "1999.06.28"]
[Round "?"]
[White "CAPAPRETA"]
[Black "Hossa"]
[Result "0-1"]
[WhiteElo "1843"]
[BlackElo "2215"]
[PlyCount "43"]

1. e4 c5 2. Nf3 Nc6 3. d4 cxd4 4. Nxd4 e5 5. Nb5 d6 6. N1c3 a6 7. Na3 b5 8. Nd5
Nce7 9. c4 Nxd5 10. cxd5 f5 11. f3 fxe4 12. Be3 exf3 13. Qxf3 Qh4+ 14. g3 Qb4+
15. Bd2 Qxb2 16. Rb1 Qxa2 17. Bd3 Nf6 18. O-O Qxd2 19. Nxb5 axb5 20. Bxb5+ Kd8
21. Rf2 Qxd5 22. Qc3 {CAPAPRETA resigns} 0-1

[Event "ICS Rated blitz match"]
[Site "207.99.83.229"]
[Date "1999.06.28"]
[Round "?"]
[White "intellect"]
[Black "Hossa"]
[Result "0-1"]
[WhiteElo "2001"]
[BlackElo "2349"]
[PlyCount "246"]

1. Nf3 Nf6 2. d4 b6 3. e3 e6 4. Be2 Be7 5. O-O O-O 6. b3 Ba6 7. c4 Nc6 8. Bb2
Ng4 9. Nbd2 Rc8 10. h3 Nf6 11. Rc1 Bb4 12. Bd3 Qe7 13. a3 Bd6 14. b4 Rce8 15.
b5 Bxa3 16. Bxa3 Qxa3 17. Qb3 Qxb3 18. Nxb3 Nb4 19. Bxh7+ Nxh7 20. bxa6 Nf6 21.
Ne5 d6 22. Ng4 Nd7 23. Ra1 Nb8 24. Nh2 d5 25. cxd5 Nxd5 26. Nf3 Rc8 27. Rfc1 c6
28. Ne5 Nb4 29. Ra4 N4xa6 30. Nd7 Nxd7 31. Rxa6 Rc7 32. Kf1 Nb8 33. Raa1 a6 34.
Ke2 Kh7 35. g4 Kg6 36. h4 Ra7 37. Nd2 f6 38. Ne4 f5 39. h5+ Kh6 40. gxf5 exf5
41. Ng3 f4 42. Ne4 Kxh5 43. Rh1+ Kg6 44. Rag1+ Kf7 45. exf4 Ke6 46. Ke3 Re8 47.
Rg6+ Kf7 48. Rhg1 Kf8 49. f3 Rb7 50. Kd3 Rd8 51. Rh1 Rbd7 52. Rh8+ Kf7 53. Rxd8
Rxd8 54. Rg5 Nd7 55. Ke3 Nf8 56. Re5 Nh7 57. Rf5+ Nf6 58. Nxf6 gxf6 59. Rh5 Ke6
60. f5+ Kd5 61. Rh6 Rf8 62. Kd3 Rf7 63. Rh8 Kd6 64. Rb8 Kc7 65. Ra8 Kb7 66. Rg8
b5 67. Rg1 a5 68. Rc1 Re7 69. Rg1 Kb6 70. Rg6 Rf7 71. Rh6 Rf8 72. Rg6 Ka6 73.
Rh6 Rf7 74. Rg6 Kb7 75. Rh6 Kb6 76. Rg6 Rf8 77. Rg4 Rd8 78. Kc3 Rd7 79. Rg6 Rd6
80. Rh6 c5 81. dxc5+ Kxc5 82. Rh7 Ra6 83. Rc7+ Rc6 84. Rf7 Kb6+ 85. Kb2 b4 86.
Rf8 Kb5 87. Rf7 Ra6 88. Rb7+ Kc4 89. Rc7+ Kd3 90. Rd7+ Ke2 91. Rd4 Ke3 92. Rd7
Kxf3 93. Rd4 Ke3 94. Rc4 Rb6 95. Rc7 a4 96. Re7+ Kd3 97. Kb1 Rb5 98. Rd7+ Kc3
99. Rc7+ Kb3 100. Rd7 Rxf5 101. Rd3+ Kc4 102. Rd1 b3 103. Rc1+ Kb4 104. Re1 a3
105. Re4+ Kc3 106. Re3+ Kc4 107. Re4+ Kd3 108. Re1 Rf2 109. Rd1+ Ke2 110. Rc1
Kd2 111. Rh1 f5 112. Rg1 f4 113. Rh1 f3 114. Rg1 b2 115. Ka2 Kc2 116. Rb1 Rd2
117. Rh1 Rd1 118. Rxd1 Kxd1 119. Kb1 f2 120. Ka2 Kc2 121. Kxa3 b1=Q 122. Ka4
Qb6 123. Ka3 123... Qa5# {intellect checkmated} 0-1

[Event "ICS Rated blitz match"]
[Site "207.99.83.229"]
[Date "1999.06.28"]
[Round "?"]
[White "Hossa"]
[Black "Pikulis"]
[Result "1-0"]
[WhiteElo "2360"]
[BlackElo "2112"]
[PlyCount "27"]

1. e4 c6 2. d4 d5 3. Nc3 e6 4. e5 c5 5. Nf3 cxd4 6. Bb5+ Bd7 7. Nxd4 Bxb5 8.
Ncxb5 Nd7 9. O-O Nxe5 10. Bf4 Bd6 11. Nxd6+ Qxd6 12. Qh5 g5 13. Qxg5 f6 14. Qg7
{Pikulis resigns} 1-0

[Event "ICS rated blitz match"]
[Site "207.99.83.229"]
[Date "1999.06.28"]
[Round "?"]
[White "Slivovitz"]
[Black "Hossa"]
[Result "0-1"]
[WhiteElo "2063"]
[BlackElo "2366"]
[PlyCount "132"]

1. e4 e5 2. Nf3 Nc6 3. Bc4 Be7 4. d4 d6 5. dxe5 dxe5 6. Qxd8+ Bxd8 7. Nc3 Nd4
8. Nxd4 exd4 9. Nb5 Nf6 10. f3 O-O 11. Nxd4 c5 12. Ne2 Ba5+ 13. c3 Be6 14. Bxe6
fxe6 15. Be3 Bb6 16. O-O-O e5 17. Rd6 Rad8 18. Rhd1 Rxd6 19. Rxd6 Kf7 20. c4
Rc8 21. Nc3 h5 22. Rd2 Ba5 23. Kc2 Bxc3 24. bxc3 b6 25. Bg5 Kg6 26. Bxf6 gxf6
27. Rd7 Ra8 28. Kb3 h4 29. Ka4 a6 30. Kb3 Rb8 31. a4 Kh6 32. Rd6 Kg5 33. Kc2 a5
34. Kd3 Kg6 35. Ke3 Kf7 36. Kf2 Ke7 37. Rd5 Rg8 38. g3 hxg3+ 39. hxg3 Rh8 40.
Kg2 Rc8 41. Rd1 Rc6 42. Kf2 Re6 43. Rh1 Kf7 44. Rh7+ Kg6 45. Rd7 Re8 46. Rb7
Re6 47. f4 exf4 48. gxf4 Rxe4 49. Rxb6 Rxf4+ 50. Ke3 Rxc4 51. Kd3 Rxa4 52. Rb5
c4+ 53. Kd4 f5 54. Rb8 Kg5 55. Rg8+ Kh4 56. Rh8+ Kg3 57. Rg8+ Kf3 58. Rf8 f4
59. Ke5 Ke3 60. Rxf4 Kd3 61. Kd5 Kxc3 62. Rf3+ Kb2 63. Rf2+ Kb3 64. Kd4 c3+ 65.
Kd3 Ra1 66. Rf8 66... Rd1+ {Slivovitz resigns} 0-1

[Event "ICS rated standard match"]
[Site "207.99.83.229"]
[Date "1999.06.28"]
[Round "?"]
[White "Hossa"]
[Black "KrazyKat"]
[Result "1-0"]
[WhiteElo "2218"]
[BlackElo "2049"]
[PlyCount "71"]

1. e4 c5 2. c3 Nc6 3. Bb5 a6 4. Bxc6 dxc6 5. d3 e5 6. Nf3 Bd6 7. O-O Bg4 8. h3
Bh5 9. Nbd2 b5 10. Qe1 Ne7 11. Qe3 f6 12. d4 cxd4 13. cxd4 exd4 14. Nxd4 Bc5
15. N2b3 Bb6 16. Qd2 Qd7 17. Qc3 Rd8 18. Be3 O-O 19. Ne6 Qxe6 20. Bxb6 Rb8 21.
Bc5 Rfd8 22. Nd4 Rxd4 23. Qxd4 Be8 24. Rfd1 Ng6 25. Qd6 Qxd6 26. Rxd6 Rc8 27.
b4 Ne5 28. Rad1 Nf7 29. Re6 Ng5 30. Re7 Bf7 31. h4 Ne6 32. Rdd7 Nxc5 33. bxc5
Bg6 34. h5 Bxh5 35. Rxg7+ Kf8 36. Rxh7 {KrazyKat resigns} 1-0